Faculty of Law Library — Cairo University

Official Online Catalog

L'Evolution Du Concept De Neutralite / (Record no. 57377)

MARC details
000 -LEADER
fixed length control field 01085nam a2200313 i 4500
003 - CONTROL NUMBER IDENTIFIER
control field EG-GICUC
005 - DATE AND TIME OF LATEST TRANSACTION
control field 20260121101733.0
008 - FIXED-LENGTH DATA ELEMENTS--GENERAL INFORMATION
fixed length control field 260118s1938 ua |||fr|||| ||| 0 Fre d
040 ## - CATALOGING SOURCE
Original cataloging agency EG-GICUC
Transcribing agency EG-GICUC
Modifying agency EG-GICUC
Description conventions rda
Language of cataloging fre
041 0# - LANGUAGE CODE
Language code of text/sound track or separate title fre
082 04 - DEWEY DECIMAL CLASSIFICATION NUMBER
Edition number 21
Classification number 341.3
Item number HA . É
092 04 - LOCALLY ASSIGNED DEWEY CALL NUMBER (OCLC)
Edition number 21
099 ## - LOCAL FREE-TEXT CALL NUMBER (OCLC)
Classification number Law1 11 341.3 HA . É 1938
100 0# - MAIN ENTRY--PERSONAL NAME
Personal name Hamed Sultan
Relator term Auteur
245 12 - TITLE STATEMENT
Title L'Evolution Du Concept De Neutralite /
Statement of responsibility, etc. Par Hamed Sultan ; Préface De M. Manfredi Sitto-Pintor.
264 #0 - PRODUCTION, PUBLICATION, DISTRIBUTION, MANUFACTURE, AND COPYRIGHT NOTICE
Place of production, publication, distribution, manufacture Le Caire:
Name of producer, publisher, distributor, manufacturer Université Egyptienne - Faculté de Droit;
Date of production, publication, distribution, manufacture, or copyright notice 1938.
300 ## - PHYSICAL DESCRIPTION
Extent 351 Pages;
Dimensions 24 CM.
Other physical details illustration ;
336 ## - CONTENT TYPE
Source rda contenu
Content type term texte
337 ## - MEDIA TYPE
Source rda media
Media type term unmediated
338 ## - CARRIER TYPE
Source rda carrier
Carrier type term volume
504 ## - BIBLIOGRAPHY, ETC. NOTE
Bibliography, etc. note Include Bibliography And Bibliographic references
546 ## - LANGUAGE NOTE
Language note Texte en français
650 04 - SUBJECT ADDED ENTRY--TOPICAL TERM
Topical term or geographic name entry element Droit international public
650 04 - SUBJECT ADDED ENTRY--TOPICAL TERM
Topical term or geographic name entry element Relations internationales
700 0# - ADDED ENTRY--PERSONAL NAME
Personal name Sitto-Pintor., M. Manfredi
Relator term Préfacier
856 ## - ELECTRONIC LOCATION AND ACCESS
Uniform Resource Identifier <a href="https://fll.law.cu.edu.eg/fulltext/bks/B11-06552.pdf">https://fll.law.cu.edu.eg/fulltext/bks/B11-06552.pdf</a>
905 ## - Cataloger and Reviser Names
Cataloger Name: Rawan khaled
942 ## - ADDED ENTRY ELEMENTS (KOHA)
Source of classification or shelving scheme Dewey Decimal Classification
Suppress in OPAC No
Koha item type Books
Edition 21
Holdings
Withdrawn status Lost status Source of classification or shelving scheme Damaged status Not for loan Collection Home library Current library Date acquired Total checkouts Full call number Barcode Date last seen Copy number Price effective from Koha item type
    Dewey Decimal Classification     القانون الدولي العام جــــامعة القــاهرة مكتبة كلية الحقوق - المبنى الرئيسي 18.01.2026   Law1 11 341.3 HA . É 1938 1106552 C2 B11-06552 18.01.2026 2 18.01.2026 Books
    Dewey Decimal Classification   Not for loan القانون الدولي العام جــــامعة القــاهرة مكتبة كلية الحقوق - المبنى الرئيسي 18.01.2026   Law1 11 341.3 HA . É 1938 1106551 C1 B11-06551 18.01.2026 1 18.01.2026 Books
    Dewey Decimal Classification     القانون الدولي العام جــــامعة القــاهرة مكتبة كلية الحقوق - فـرع الشيخ زايد 05.02.2026   Law2 11 341.3 HA . É 1938 1107615 C3 B11-07615 05.02.2026 3 05.02.2026 Books

© All rights reserved — Faculty of Law, Cairo University